[Event "Sharjah Ramadan op rapid"]
[Site "Sharjah"]
[Date "2019.05.15"]
[Round "8"]
[White "Khademalsharieh, Sarasadat"]
[Black "El Taher, Fouad"]
[Result "1/2-1/2"]
[WhiteElo "2474"]
[BlackElo "2483"]
[PlyCount "150"]
[EventDate "2019.05.13"]
[EventType "swiss (rapid)"]
[EventRounds "9"]
[EventCountry "UAE"]
[SourceTitle "CBM 190 Extra"]
[Source "ChessBase"]
[SourceDate "2019.07.15"]
[SourceVersion "1"]
[SourceVersionDate "2019.07.15"]
[SourceQuality "1"]

1. d4 Nf6 2. c4 g6 3. g3 Bg7 4. Bg2 0-0 5. Nc3 d6 6. Nf3 c6 7. 0-0 Bf5 8. Ng5 h6 9. e4 Bg4 10. f3 Bc8 11. Nh3 c5 12. dxc5 dxc5 13. e5 Nfd7 14. f4 Nc6 15. Be3 Qa5 16. Nf2 Nb6 17. Qb3 Be6 18. Nd5 Rac8 19. Rfd1 Rfd8 20. Rd2 Bxd5 21. cxd5 Nd4 22. Bxd4 Qxd2 23. Bc3 Qe2 24. Bf1 Qf3 25. Bg2 Qe2 26. Bf1 c4 27. Qa3 Qe3 28. Re1 Qc5 29. Bb4 Qxd5 30. Bxe7 Bf8 31. Bxf8 Rxf8 32. Ne4 Kg7 33. Bg2 Rfd8 34. Nd6 Qd4+ 35. Kh1 Qd2 36. Rf1 Rc7 37. Qxa7 Nd5 38. Rf2 Qc1+ 39. Rf1 Qd2 40. Rf2 Qe3 41. Qxe3 Nxe3 42. Be4 b6 43. Re2 Nd1 44. Rd2 Ne3 45. Re2 c3 46. Rxe3 cxb2 47. Rb3 Rc1+ 48. Kg2 Re1 49. Rxb2 Rxd6 50. exd6 Rxe4 51. Rd2 Re8 52. d7 Rd8 53. Kf3 Kf6 54. Rd6+ Ke7 55. Rxb6 Rxd7 56. a4 Rd3+ 57. Ke4 Ra3 58. Ra6 Ra2 59. h4 h5 60. f5 gxf5+ 61. Kxf5 Ra3 62. Kf4 Kf8 63. Ra5 Kg7 64. Rg5+ Kh6 65. a5 f6 66. Rb5 Kg6 67. Rc5 Ra4+ 68. Kf3 Ra3+ 69. Kf2 Ra2+ 70. Kf3 Ra3+ 71. Kg2 Ra2+ 72. Kh3 Ra3 73. Rb5 Kh6 74. Kg2 Kg6 75. Rd5 Ra2+ 1/2-1/2

[Event "Sharjah Ramadan op rapid"]
[Site "Sharjah"]
[Date "2019.05.14"]
[Round "4"]
[White "El Taher, Fouad"]
[Black "Khader, Sami"]
[Result "1-0"]
[WhiteElo "2483"]
[BlackElo "2386"]
[PlyCount "113"]
[EventDate "2019.05.13"]
[EventType "swiss (rapid)"]
[EventRounds "9"]
[EventCountry "UAE"]
[SourceTitle "CBM 190 Extra"]
[Source "ChessBase"]
[SourceDate "2019.07.15"]
[SourceVersion "1"]
[SourceVersionDate "2019.07.15"]
[SourceQuality "1"]

1. e4 d5 2. exd5 Nf6 3. Bc4 Nxd5 4. Nf3 Bg4 5. d4 Nc6 6. 0-0 e6 7. c3 Bd6 8. Re1 0-0 9. h3 Bh5 10. Nbd2 a5 11. Ne4 a4 12. a3 Na5 13. Ba2 Nb3 14. Bxb3 axb3 15. Ng3 Bxg3 16. fxg3 Bxf3 17. Qxf3 Qd7 18. Bd2 Qc6 19. Rad1 b5 20. Qg4 f5 21. Qf3 Rae8 22. Re5 Qd6 23. Rde1 c6 24. Bf4 Qd7 25. Qd1 Nf6 26. Qxb3 Ne4 27. Kh2 Kh8 28. a4 bxa4 29. Qxa4 Qb7 30. Qa2 Qd7 31. Ra5 Qf7 32. Ra7 Re7 33. Rxe7 Qxe7 34. Qa6 Qd7 35. Be5 h6 36. Ra1 Nf6 37. Qa7 Qxa7 38. Rxa7 Rc8 39. Re7 Nd5 40. Rxe6 c5 41. Rxh6+ Kg8 42. Rg6 cxd4 43. Bxd4 Rc7 44. Kg1 Rb7 45. b4 Rd7 46. b5 f4 47. gxf4 Nxf4 48. Rxg7+ Rxg7 49. Bxg7 Ne6 50. Be5 Kf7 51. Bd6 Nd8 52. c4 Ke6 53. Bc7 Nb7 54. Kf2 Nc5 55. Ke3 Kd7 56. Bb6 Na4 57. Bd4 1-0

[Event "Sharjah Ramadan op rapid"]
[Site "Sharjah"]
[Date "2019.05.14"]
[Round "3"]
[White "Sameir, Ramez"]
[Black "El Taher, Fouad"]
[Result "0-1"]
[WhiteElo "1999"]
[BlackElo "2483"]
[PlyCount "116"]
[EventDate "2019.05.13"]
[EventType "swiss (rapid)"]
[EventRounds "9"]
[EventCountry "UAE"]
[SourceTitle "CBM 190 Extra"]
[Source "ChessBase"]
[SourceDate "2019.07.15"]
[SourceVersion "1"]
[SourceVersionDate "2019.07.15"]
[SourceQuality "1"]

1. e4 e5 2. Nf3 Nc6 3. Nc3 Nf6 4. d4 exd4 5. Nxd4 Bb4 6. Nxc6 bxc6 7. Bd3 0-0 8. 0-0 d5 9. exd5 cxd5 10. Bg5 Be6 11. Nb5 c5 12. c3 Ba5 13. b4 cxb4 14. cxb4 Bxb4 15. Bxh7+ Kxh7 16. Qb1+ Kg8 17. Qxb4 Rb8 18. Bxf6 Qxf6 19. Qa5 Qg5 20. Nc7 Rb7 21. Nxe6 fxe6 22. Qa6 Re7 23. Qd6 Rfe8 24. Rae1 Qd2 25. a3 Qa5 26. Re5 Qb6 27. Qxb6 axb6 28. Rb1 Ra8 29. Rxb6 Rxa3 30. f3 Kf7 31. Kf2 Ra2+ 32. Kg3 Rd2 33. Rd6 Rd4 34. h4 Kf6 35. Re2 Kf5 36. Kh3 e5 37. g4+ Kf4 38. Kg2 e4 39. Rxe4+ Rdxe4 40. fxe4 dxe4 41. Rg6 e3 42. Kf1 Kf3 43. Rg5 Ra7 44. Rf5+ Kxg4 45. Rf8 Kxh4 46. Ke2 g5 47. Kxe3 Kg3 48. Rf3+ Kg4 49. Rf8 Ra2 50. Rh8 Kg3 51. Rh1 g4 52. Rg1+ Kh3 53. Kf4 Rf2+ 54. Kg5 g3 55. Rh1+ Kg2 56. Ra1 Rb2 57. Kg4 Rb4+ 58. Kf5 Kh2 0-1

[Event "Sharjah op rapid"]
[Site "Sharjah"]
[Date "2018.05.26"]
[Round "6"]
[White "El Taher, Fouad"]
[Black "Sasikumar, Anusweud"]
[Result "1-0"]
[WhiteElo "2483"]
[BlackElo "1886"]
[PlyCount "49"]
[EventDate "2018.05.23"]
[EventType "swiss (rapid)"]
[EventRounds "9"]
[EventCountry "UAE"]
[SourceTitle "CBM 184 Extra"]
[Source "ChessBase"]
[SourceDate "2018.06.28"]
[SourceVersion "1"]
[SourceVersionDate "2018.06.28"]
[SourceQuality "1"]

1. e4 e5 2. Nf3 Nc6 3. Bb5 a6 4. Ba4 Nf6 5. 0-0 Be7 6. d4 b5 7. dxe5 Nxe4 8. Bb3 Nc5 9. Bd5 Bb7 10. Nc3 0-0 11. Bf4 d6 12. Re1 dxe5 13. Nxe5 Nxe5 14. Bxe5 Bxd5 15. Nxd5 Ne6 16. Bxc7 Qe8 17. Nxe7+ Qxe7 18. Bd6 Qf6 19. Bxf8 Rxf8 20. c3 Qg6 21. Qd6 Qg5 22. Rad1 Nf4 23. g3 Nh3+ 24. Kg2 Qf5 25. Qxf8+ 1-0

[Event "Sharjah op blitz"]
[Site "Sharjah"]
[Date "2018.05.25"]
[Round "8"]
[White "Ammar, Sedrani"]
[Black "El Taher, Fouad"]
[Result "0-1"]
[WhiteElo "1825"]
[BlackElo "2483"]
[PlyCount "113"]
[EventDate "2018.05.25"]
[EventType "swiss (blitz)"]
[EventRounds "9"]
[EventCountry "UAE"]
[SourceTitle "CBM 184 Extra"]
[Source "ChessBase"]
[SourceDate "2018.06.28"]
[SourceVersion "1"]
[SourceVersionDate "2018.06.28"]
[SourceQuality "1"]

1. d4 c5 2. d5 g6 3. e4 Bg7 4. Nc3 d6 5. Nf3 Nf6 6. Bb5+ Bd7 7. a4 0-0 8. Nd2 Na6 9. Be2 e6 10. Nc4 exd5 11. exd5 Nb4 12. 0-0 Bf5 13. Ne3 Bd7 14. Nc4 Bf5 15. Ne3 Qc8 16. Nb5 Rd8 17. c3 Na6 18. Nc4 Ne8 19. Bf4 Be5 20. Nxe5 dxe5 21. Bxe5 Be4 22. c4 Qf5 23. Bc3 Nb4 24. Bxb4 cxb4 25. Qd2 Qe5 26. Rfe1 Qf6 27. Qxb4 Qg5 28. Bf1 Nf6 29. Nc3 Bf5 30. Rad1 b6 31. Nb5 Ne4 32. Bd3 Re8 33. Bxe4 Bxe4 34. g3 Bf3 35. Nd6 Red8 36. Rd3 Qh5 37. Rde3 Bg4 38. Ne8 Qf5 39. Nf6+ Qxf6 40. c5 bxc5 41. Qxg4 Rxd5 42. Qe4 Rad8 43. Qc2 Rd2 44. Re8+ Kg7 45. Qxc5 Rxe8 46. Rxe8 Qxb2 47. Qf8+ Kf6 48. Qh8+ Kf5 49. Qxh7 Qc1+ 50. Kg2 Qc6+ 51. Kh3 Qxe8 52. g4+ Ke4 53. Qh4 Kd3 54. Qf6 Qe6 55. Qf3+ Kc2 56. Qb7 Rd3+ 57. f3 0-1

[Event "Sharjah op rapid"]
[Site "Sharjah"]
[Date "2018.05.24"]
[Round "3"]
[White "Ahmed, Fareed"]
[Black "El Taher, Fouad"]
[Result "0-1"]
[WhiteElo "1953"]
[BlackElo "2483"]
[PlyCount "80"]
[EventDate "2018.05.23"]
[EventType "swiss (rapid)"]
[EventRounds "9"]
[EventCountry "UAE"]
[SourceTitle "CBM 184 Extra"]
[Source "ChessBase"]
[SourceDate "2018.06.28"]
[SourceVersion "1"]
[SourceVersionDate "2018.06.28"]
[SourceQuality "1"]

1. e4 e5 2. Nf3 Nc6 3. Bb5 a6 4. Ba4 Nf6 5. 0-0 Be7 6. Re1 b5 7. Bb3 d6 8. c3 0-0 9. d4 Bg4 10. Be3 exd4 11. cxd4 Na5 12. Bc2 c5 13. Qd3 Bxf3 14. gxf3 Nc6 15. d5 Nb4 16. Qd2 Nxc2 17. Qxc2 Nh5 18. f4 Qd7 19. f5 g6 20. Bh6 Rfe8 21. fxg6 hxg6 22. Nd2 Bf6 23. Nf1 Kh7 24. Bd2 Bd4 25. Ng3 Qg4 26. Qd3 Re5 27. Bc3 Nf4 28. Qd1 Nh3+ 29. Kf1 Nxf2 30. Qxg4 Nxg4 31. Bxd4 cxd4 32. Re2 Rc8 33. Rd2 Rc4 34. Ke2 f5 35. Kd3 Re7 36. b3 Ne5+ 37. Ke2 d3+ 38. Ke3 f4+ 39. Kxf4 Rf7+ 40. Nf5 Rxf5+ 0-1

[Event "Sharjah op rapid"]
[Site "Sharjah"]
[Date "2018.05.23"]
[Round "1"]
[White "Moussa, Mahmoud"]
[Black "El Taher, Fouad"]
[Result "0-1"]
[WhiteElo "1290"]
[BlackElo "2483"]
[PlyCount "45"]
[EventDate "2018.05.23"]
[EventType "swiss (rapid)"]
[EventRounds "9"]
[EventCountry "UAE"]
[SourceTitle "CBM 184 Extra"]
[Source "ChessBase"]
[SourceDate "2018.06.28"]
[SourceVersion "1"]
[SourceVersionDate "2018.06.28"]
[SourceQuality "1"]

1. e4 e5 2. Nf3 Nc6 3. Bb5 a6 4. Ba4 Nf6 5. 0-0 Be7 6. d3 b5 7. Bb3 d6 8. h3 Na5 9. c3 Nxb3 10. Qxb3 0-0 11. a4 Be6 12. Qc2 c5 13. a5 Qc7 14. Be3 h6 15. Nbd2 d5 16. d4 cxd4 17. Bxh6 gxh6 18. Rfc1 Rac8 19. Nf1 Nxe4 20. Qd3 dxc3 21. bxc3 Bc5 22. Rc2 f6 23. N1d2 0-1

[Event "Sharjah op rapid"]
[Site "Sharjah"]
[Date "2014.07.10"]
[Round "9"]
[White "El Taher, Fouad"]
[Black "Mista, Aleksander"]
[Result "0-1"]
[WhiteElo "2497"]
[BlackElo "2565"]
[PlyCount "122"]
[EventDate "2014.07.05"]
[EventType "swiss (rapid)"]
[EventRounds "9"]
[EventCountry "UAE"]
[SourceTitle "CBM 161 Extra"]
[Source "ChessBase"]
[SourceDate "2014.08.29"]
[SourceVersion "1"]
[SourceVersionDate "2014.08.29"]
[SourceQuality "1"]

1. e4 e5 2. Nf3 Nc6 3. Bb5 a6 4. Ba4 Nf6 5. 0-0 Be7 6. d4 exd4 7. Re1 b5 8. e5 Nxe5 9. Rxe5 bxa4 10. Nxd4 0-0 11. Bg5 Nd5 12. Bxe7 Nxe7 13. Nc3 d6 14. Re3 c5 15. Nf3 a3 16. bxa3 Bb7 17. Qd3 d5 18. Rae1 Ng6 19. Qd1 d4 20. Rd3 Nf4 21. Rd2 Nxg2 22. Kxg2 Qg5+ 23. Kf1 Bxf3 24. Qxf3 Qxd2 25. Nd5 Rae8 26. Ne7+ Kh8 27. Re5 f6 28. Re6 Qc1+ 29. Kg2 Qg5+ 30. Kf1 f5 31. Qe2 f4 32. f3 c4 33. Qe4 d3 34. cxd3 cxd3 35. Re5 Qf6 36. Rh5 h6 37. Ng6+ Kg8 38. Qd5+ Qe6 39. Nxf8 Kxf8 40. Rf5+ Kg8 41. Qxe6+ Rxe6 42. Rd5 Re3 43. Kf2 Re2+ 44. Kf1 Rxh2 45. Rxd3 Rxa2 46. Rc3 g5 47. Kg1 Kg7 48. Rc7+ Kf8 49. Rc6 Rxa3 50. Rxh6 Rxf3 51. Rxa6 Kf7 52. Kg2 Re3 53. Rb6 Re6 54. Rb8 Kg6 55. Kf3 Re3+ 56. Kf2 Kf5 57. Rb1 Ra3 58. Rb2 Kg4 59. Kg2 Kh4 60. Rf2 f3+ 61. Kg1 g4 0-1

[Event "Sharjah op blitz"]
[Site "Sharjah"]
[Date "2014.07.09"]
[Round "4"]
[White "El Taher, Fouad"]
[Black "Adarsh, Saji"]
[Result "1-0"]
[WhiteElo "2535"]
[BlackElo "1709"]
[PlyCount "45"]
[EventDate "2014.07.09"]
[EventType "swiss (blitz)"]
[EventRounds "9"]
[EventCountry "UAE"]
[SourceTitle "EXT 2016"]
[Source "ChessBase"]
[SourceDate "2015.10.08"]
[SourceVersion "1"]
[SourceVersionDate "2015.10.08"]
[SourceQuality "1"]

1. e4 c5 2. Nf3 d6 3. d4 cxd4 4. Nxd4 Nf6 5. Nc3 a6 6. Bg5 e6 7. f4 Be7 8. Qf3 Nbd7 9. 0-0-0 0-0 10. g4 Qc7 11. h4 b5 12. Bxf6 Bxf6 13. g5 Bxd4 14. Rxd4 Bb7 15. Bh3 Nc5 16. Rhd1 Rad8 17. f5 exf5 18. Bxf5 Bc8 19. Nd5 Qb7 20. Bxh7+ Kxh7 21. Qh5+ Kg8 22. Nf6+ gxf6 23. gxf6 1-0

[Event "Sharjah op rapid"]
[Site "Sharjah"]
[Date "2014.07.08"]
[Round "8"]
[White "Tabada, Jobannie C"]
[Black "El Taher, Fouad"]
[Result "0-1"]
[WhiteElo "2259"]
[BlackElo "2497"]
[PlyCount "157"]
[EventDate "2014.07.05"]
[EventType "swiss (rapid)"]
[EventRounds "9"]
[EventCountry "UAE"]
[SourceTitle "CBM 161 Extra"]
[Source "ChessBase"]
[SourceDate "2014.08.29"]
[SourceVersion "1"]
[SourceVersionDate "2014.08.29"]
[SourceQuality "1"]

1. e4 e5 2. Nf3 Nc6 3. Bb5 a6 4. Ba4 Nf6 5. 0-0 b5 6. Bb3 Be7 7. d3 d6 8. c3 0-0 9. Re1 Na5 10. Bc2 c5 11. d4 cxd4 12. cxd4 Nc6 13. d5 Nb4 14. Bb3 a5 15. a3 Na6 16. Nc3 Bd7 17. Bc2 Qb8 18. Bd2 Rc8 19. h3 Qb7 20. Na2 b4 21. axb4 axb4 22. Nc1 Nc5 23. Rxa8 Rxa8 24. Nb3 Nxb3 25. Bxb3 Be8 26. Qe2 Nd7 27. Be3 Bd8 28. Nd2 Bb6 29. Nc4 Bxe3 30. Qxe3 Qc7 31. Rc1 Rc8 32. Ra1 Nc5 33. Nd2 f6 34. Bc4 Qb7 35. Be2 Ra8 36. Rc1 Rc8 37. Bg4 Bd7 38. Qe2 Bxg4 39. Qxg4 Rf8 40. Nc4 Qa6 41. Qf3 g6 42. Qe3 Rc8 43. Nd2 Na4 44. Ra1 Qb5 45. b3 Nc5 46. Ra7 Qb6 47. Re7 Qd8 48. Ra7 Ra8 49. Rxa8 Qxa8 50. Nc4 Qd8 51. Kh2 Kg7 52. Nd2 f5 53. exf5 gxf5 54. Qg3+ Kf7 55. Nc4 Qf6 56. f4 e4 57. Qe3 Ke7 58. Na5 Qc3 59. Qf2 Kd7 60. Qh4 Qh8 61. Nc6 Kc7 62. Qe7+ Nd7 63. Nxb4 Qf8 64. Na6+ Kc8 65. Qe6 Qf6 66. Qe8+ Qd8 67. Qe6 Qf6 68. Qe8+ Qd8 69. Qxd8+ Kxd8 70. Kg3 Nf6 71. Nb4 Nh5+ 72. Kf2 Nxf4 73. Nc6+ Kd7 74. Nd4 Nxd5 75. Nxf5 Ke6 76. Nd4+ Kf6 77. Nb5 Ke5 78. Na3 Nb6 79. Nc2 0-1

[Event "Sharjah op rapid"]
[Site "Sharjah"]
[Date "2014.07.07"]
[Round "6"]
[White "Kayumov, Sergey"]
[Black "El Taher, Fouad"]
[Result "0-1"]
[WhiteElo "2490"]
[BlackElo "2497"]
[PlyCount "108"]
[EventDate "2014.07.05"]
[EventType "swiss (rapid)"]
[EventRounds "9"]
[EventCountry "UAE"]
[SourceTitle "CBM 161 Extra"]
[Source "ChessBase"]
[SourceDate "2014.08.29"]
[SourceVersion "1"]
[SourceVersionDate "2014.08.29"]
[SourceQuality "1"]

1. b3 e5 2. Bb2 Nc6 3. e3 Nf6 4. Bb5 Bd6 5. d3 0-0 6. Bxc6 dxc6 7. Nd2 b5 8. Ne2 Re8 9. e4 Nh5 10. 0-0 Qg5 11. Nf3 Qg6 12. Qd2 Bg4 13. Nh4 Qf6 14. Nf5 Bxf5 15. exf5 Qxf5 16. Ng3 Nxg3 17. fxg3 Qg6 18. Qc3 c5 19. Rae1 Re6 20. Qa5 a6 21. Re4 f5 22. Re2 e4 23. Rfe1 Rae8 24. dxe4 fxe4 25. c4 bxc4 26. bxc4 Qh5 27. Qc3 Be5 28. Qe3 Bxb2 29. Rxb2 Qe5 30. Rb7 h6 31. h3 Rd8 32. Qf4 Qxf4 33. gxf4 Rd4 34. Rxc7 Rxc4 35. f5 Re5 36. f6 gxf6 37. Rd1 Rd4 38. Rb1 Rb4 39. Rd1 Rd4 40. Rb1 Rd8 41. Rbb7 Rg5 42. g4 h5 43. Kf2 hxg4 44. hxg4 Rxg4 45. Rxc5 Rg7 46. Rxg7+ Kxg7 47. Ke3 Re8 48. Rc6 a5 49. Rc5 Re5 50. Rxe5 fxe5 51. Kxe4 Kf6 52. a4 Ke6 53. Ke3 Kd5 54. Kd3 Kc5 0-1

[Event "Africa-ch"]
[Site "Maputo"]
[Date "2011.06.06"]
[Round "3"]
[White "El Taher, Fouad"]
[Black "Chumfwa, Stanley"]
[Result "1/2-1/2"]
[WhiteElo "2486"]
[BlackElo "2340"]
[PlyCount "81"]
[EventDate "2011.06.04"]
[EventType "swiss"]
[EventRounds "9"]
[EventCountry "MOZ"]
[SourceTitle "CBM 142 Extra"]
[Source "ChessBase"]
[SourceDate "2011.06.27"]
[SourceVersion "1"]
[SourceVersionDate "2011.06.27"]
[SourceQuality "1"]

1. e4 c5 2. Nf3 d6 3. d4 cxd4 4. Nxd4 Nf6 5. Nc3 a6 6. h3 e5 7. Nde2 Be6 8. g4 Nbd7 9. Bg2 Nb6 10. a4 Be7 11. 0-0 0-0 12. Ng3 d5 13. exd5 Nfxd5 14. Nxd5 Nxd5 15. Nf5 Bc5 16. Qd3 Nf4 17. Bxf4 Qxd3 18. cxd3 exf4 19. Rfc1 Bxf5 20. Rxc5 Bxd3 21. Bxb7 Rad8 22. Rd1 g6 23. b4 Be2 24. Re1 Rfe8 25. Kh2 Kg7 26. Rc2 Bd3 27. Rxe8 Rxe8 28. Rd2 Rb8 29. Bd5 Bf1 30. Rd1 Be2 31. Re1 Bd3 32. Re7 Kf6 33. Rxf7+ Ke5 34. Bb7 g5 35. f3 Kd4 36. b5 axb5 37. a5 Re8 38. Rd7+ Kc3 39. a6 Re2+ 40. Kg1 Re1+ 41. Kf2 1/2-1/2

[Event "Africa-ch"]
[Site "Maputo"]
[Date "2011.06.04"]
[Round "1"]
[White "El Taher, Fouad"]
[Black "Domingos, Ediberto"]
[Result "1/2-1/2"]
[WhiteElo "2486"]
[BlackElo "2201"]
[PlyCount "65"]
[EventDate "2011.06.04"]
[EventType "swiss"]
[EventRounds "9"]
[EventCountry "MOZ"]
[SourceTitle "CBM 142 Extra"]
[Source "ChessBase"]
[SourceDate "2011.06.27"]
[SourceVersion "1"]
[SourceVersionDate "2011.06.27"]
[SourceQuality "1"]

1. e4 e6 2. d4 d5 3. Nc3 h6 4. Nf3 Nf6 5. Bd3 Bb4 6. exd5 exd5 7. 0-0 0-0 8. h3 Nc6 9. Bf4 Bd6 10. Be5 Be6 11. Re1 Nb4 12. Ne2 Nxd3 13. Qxd3 c6 14. Nf4 Re8 15. Re2 Ne4 16. c4 Bxe5 17. dxe5 Qa5 18. cxd5 cxd5 19. Nd4 Rad8 20. f3 Nc5 21. Qe3 Bc8 22. a3 Ne6 23. Nfxe6 fxe6 24. Rc1 Bd7 25. Nb3 Qb5 26. Rc7 Bc6 27. Nd4 Qb6 28. Nxc6 Qxc7 29. Nxd8 Rxd8 30. Qxa7 d4 31. Kf2 d3 32. Rd2 Qxe5 33. Qe3 1/2-1/2

[Event "EGY-chT 1011"]
[Site "Egypt"]
[Date "2011.04.01"]
[Round "13.2"]
[White "El Taher, Fouad"]
[Black "Abdel Razik, Khaled"]
[Result "1-0"]
[WhiteElo "2481"]
[BlackElo "2480"]
[PlyCount "65"]
[EventDate "2010.09.24"]
[EventType "team"]
[EventRounds "22"]
[EventCountry "EGY"]
[SourceTitle "EXT 2013"]
[Source "ChessBase"]
[SourceDate "2012.11.22"]
[SourceVersion "1"]
[SourceVersionDate "2012.11.22"]
[SourceQuality "1"]
[WhiteTeam "El Dakhlia"]
[BlackTeam "Sharkia Dokhan"]
[WhiteTeamCountry "EGY"]
[BlackTeamCountry "EGY"]

1. e4 e6 2. d4 d5 3. Nc3 Bb4 4. e5 c5 5. Qg4 Ne7 6. dxc5 Nbc6 7. Bd2 0-0 8. 0-0-0 Bxc5 9. Nf3 Ng6 10. Qh5 f6 11. exf6 Qxf6 12. Nxd5 exd5 13. Qxd5+ Be6 14. Qxc5 Rac8 15. Bc3 Qf4+ 16. Qe3 Bg4 17. Qxf4 Nxf4 18. Rg1 Ne7 19. h3 Bh5 20. Rd7 Nfd5 21. Rxb7 Nxc3 22. Rxe7 Nxa2+ 23. Kb1 Nb4 24. c3 Bg6+ 25. Ka1 Nd5 26. Rd7 Nxc3 27. bxc3 Rxc3 28. Be2 Re8 29. Nd4 Ra3+ 30. Kb2 Ra4 31. Bd1 Rb4+ 32. Bb3+ Kh8 33. Ra1 1-0

[Event "Dubai op 11th"]
[Site "Dubai"]
[Date "2009.04.29"]
[Round "4"]
[White "Pantsulaia, Levan"]
[Black "El Taher, Fouad"]
[Result "1-0"]
[WhiteElo "2581"]
[BlackElo "2488"]
[PlyCount "103"]
[EventDate "2009.04.26"]
[EventType "swiss"]
[EventRounds "9"]
[EventCountry "UAE"]
[SourceTitle "CBM 130 Extra"]
[Source "ChessBase"]
[SourceDate "2009.07.02"]
[SourceVersion "2"]
[SourceVersionDate "2009.07.15"]
[SourceQuality "1"]

1. Nf3 Nf6 2. c4 g6 3. g3 Bg7 4. Bg2 0-0 5. 0-0 c5 6. Nc3 Nc6 7. d4 d6 8. dxc5 dxc5 9. Be3 Be6 10. Qa4 Nd4 11. Rac1 Ng4 12. Bxd4 cxd4 13. Nd5 Bd7 14. Qb3 e6 15. Nb4 Qc7 16. h3 Nh6 17. Rfd1 a5 18. Nc2 a4 19. Qa3 Qxc4 20. Ncxd4 Qa6 21. e4 Rfd8 22. Qe3 e5 23. Ne2 Be6 24. Nc3 f6 25. Bf1 Qa5 26. Nd5 Bxd5 27. Rxd5 Qb4 28. Rb5 Qe7 29. Qc5 Rd7 30. Qxe7 Rxe7 31. Bc4+ Nf7 32. Bd5 Ra7 33. Rb6 Kf8 34. Rc8+ Re8 35. Rxe8+ Kxe8 36. Bxb7 Nd6 37. Bd5 Kd7 38. Ne1 f5 39. f3 Bh6 40. Kf2 a3 41. Nd3 axb2 42. Nxe5+ Kc7 43. Rxb2 Ra3 44. Rc2+ Kd8 45. Nc6+ Ke8 46. e5 Be3+ 47. Kf1 Nc8 48. Ke2 f4 49. g4 Bb6 50. Bb3 Ne7 51. Nxe7 Kxe7 52. Rc6 1-0

[Event "Dubai op 11th"]
[Site "Dubai"]
[Date "2009.04.27"]
[Round "2"]
[White "Pabalan, Rocky"]
[Black "El Taher, Fouad"]
[Result "0-1"]
[WhiteElo "1938"]
[BlackElo "2488"]
[PlyCount "96"]
[EventDate "2009.04.26"]
[EventType "swiss"]
[EventRounds "9"]
[EventCountry "UAE"]
[SourceTitle "CBM 130 Extra"]
[Source "ChessBase"]
[SourceDate "2009.07.02"]
[SourceVersion "2"]
[SourceVersionDate "2009.07.15"]
[SourceQuality "1"]

1. e4 e5 2. Nf3 Nc6 3. a4 Nf6 4. d4 exd4 5. Nxd4 Nxe4 6. Nxc6 dxc6 7. Bd3 Nc5 8. 0-0 Nxd3 9. cxd3 Be7 10. Nc3 0-0 11. Qf3 Be6 12. Bf4 Bd6 13. Bg3 Re8 14. a5 Qd7 15. Ra4 Rad8 16. h3 Be7 17. Qe3 c5 18. Rfa1 c6 19. Bh4 Bb3 20. Bxe7 Bxa4 21. Nxa4 Qxe7 22. Qxc5 Qxc5 23. Nxc5 b6 24. Na4 bxa5 25. Rc1 Rd4 26. Nc5 Rb8 27. Rc2 Kf8 28. f3 Ke7 29. Kf2 Kd6 30. Ne4+ Kc7 31. Nc5 Re8 32. Rc3 Kb6 33. Ne4 f5 34. Nd2 a4 35. g3 g5 36. g4 Rb4 37. Nc4+ Kc7 38. d4 f4 39. Rc2 Rd8 40. Na5 Rbxd4 41. Rxc6+ Kb8 42. Rc1 Rd1 43. Nc6+ Kc7 44. Nxd8+ Rxc1 45. Ne6+ Kd7 46. Nxg5 Rc2+ 47. Ke1 Rxb2 48. Kd1 a3 0-1

[Event "Asia Clubs 1st"]
[Site "Al Ain"]
[Date "2008.12.25"]
[Round "1"]
[White "Yap, Choow Tun"]
[Black "El Taher, Fouad"]
[Result "0-1"]
[WhiteElo "2054"]
[BlackElo "2481"]
[PlyCount "88"]
[EventDate "2008.12.25"]
[EventType "team"]
[EventRounds "7"]
[EventCountry "UAE"]
[SourceTitle "CBM 127 Extra"]
[Source "ChessBase"]
[SourceDate "2009.01.08"]
[SourceVersion "2"]
[SourceVersionDate "2009.01.28"]
[SourceQuality "1"]

1. d4 Nf6 2. e3 d6 3. f4 c6 4. Bd3 Bg4 5. Nf3 Nbd7 6. 0-0 e5 7. Nbd2 Be7 8. h3 Bxf3 9. Qxf3 Qc7 10. c3 exd4 11. exd4 0-0 12. g4 d5 13. g5 Ne8 14. Qh5 g6 15. Qg4 f5 16. Qe2 Nd6 17. Nf3 Ne4 18. Qh2 c5 19. Be3 Rae8 20. Rae1 cxd4 21. cxd4 Qa5 22. a3 Rc8 23. h4 h5 24. Ne5 Nxe5 25. fxe5 Rc6 26. Rd1 Rd8 27. Bxe4 dxe4 28. Qd2 Qd5 29. Rc1 Bc5 30. dxc5 Qxd2 31. Bxd2 Rxd2 32. b4 Kf7 33. b5 Rc7 34. a4 Ke6 35. Rfd1 Rxc5 36. Rxc5 Rxd1+ 37. Kf2 f4 38. Ke2 Ra1 39. Rc7 Ra2+ 40. Kd1 f3 41. Rg7 e3 42. Rxg6+ Kd5 43. Rf6 e2+ 44. Ke1 Ra1+ 0-1

[Event "Arab-ch"]
[Site "Abu Dhabi"]
[Date "2008.12.18"]
[Round "3"]
[White "El Taher, Fouad"]
[Black "Salem, AR Saleh"]
[Result "1/2-1/2"]
[WhiteElo "2480"]
[BlackElo "2476"]
[PlyCount "39"]
[EventDate "2008.12.16"]
[EventType "swiss"]
[EventRounds "9"]
[EventCountry "UAE"]
[SourceTitle "EXT 2010"]
[Source "ChessBase"]
[SourceDate "2010.11.25"]
[SourceVersion "1"]
[SourceVersionDate "2010.11.25"]
[SourceQuality "1"]

1. e4 c6 2. d4 d5 3. Nc3 dxe4 4. Nxe4 Bf5 5. Ng3 Bg6 6. h4 h6 7. Nf3 Nf6 8. h5 Bh7 9. Bd3 Bxd3 10. Qxd3 e6 11. Ne4 Be7 12. Bf4 0-0 13. Nxf6+ Bxf6 14. 0-0-0 Na6 15. Kb1 Nb4 16. Qd2 a5 17. c3 Nd5 18. Be5 b5 19. Bxf6 Nxf6 20. Ne5 1/2-1/2

[Event "Dubai op 10th"]
[Site "Dubai"]
[Date "2008.04.10"]
[Round "5"]
[White "El Taher, Fouad"]
[Black "Momeni, Ebrahim"]
[Result "1/2-1/2"]
[WhiteElo "2486"]
[BlackElo "2253"]
[PlyCount "94"]
[EventDate "2008.04.06"]
[EventType "swiss"]
[EventRounds "9"]
[EventCountry "UAE"]
[SourceTitle "CBM 123 Extra"]
[Source "ChessBase"]
[SourceDate "2008.05.06"]
[SourceVersion "1"]
[SourceVersionDate "2008.05.06"]
[SourceQuality "1"]

1. e4 c5 2. Nf3 d6 3. d4 cxd4 4. Nxd4 Nf6 5. Nc3 Nc6 6. Bg5 e6 7. Qd2 Nxd4 8. Qxd4 Bd7 9. 0-0-0 Qa5 10. f4 Be7 11. Kb1 Bc6 12. Be2 0-0 13. Bf3 Rfd8 14. Rhe1 Rac8 15. g4 h6 16. Bh4 e5 17. fxe5 dxe5 18. Qe3 Rxd1+ 19. Rxd1 Bc5 20. Qd3 Bd4 21. Bxf6 gxf6 22. Nd5 Bxd5 23. exd5 Qb6 24. Qb3 Qxb3 25. axb3 Rd8 26. b4 b6 27. c3 Be3 28. Kc2 Kf8 29. Kd3 Bf4 30. c4 e4+ 31. Bxe4 Bd6 32. Ra1 Rd7 33. Ra4 Rc7 34. h4 Ke7 35. Bf5 Ke8 36. h5 Rb7 37. Bc8 Re7 38. c5 bxc5 39. Ra6 c4+ 40. Kxc4 Rc7+ 41. Kb3 Ke7 42. Bf5 Rb7 43. Ra4 Bc7 44. Bd3 Bb6 45. Ra1 Kd6 46. Rd1 Bd4 47. Bc4 Re7 1/2-1/2